[Event "Charleroi op"]
[Site "Roux"]
[Date "2023.08.02"]
[Round "6"]
[White "Verbist, Julien"]
[Black "Loiret, Stanislas"]
[Result "1/2-1/2"]
[WhiteElo "1991"]
[BlackElo "2118"]
[PlyCount "189"]
[EventDate "2023.07.29"]
[EventType "swiss"]
[EventRounds "9"]
[EventCountry "BEL"]
[SourceTitle "CBM 215 Extra"]
[Source "ChessBase"]
[SourceDate "2023.09.30"]
[SourceVersion "1"]
[SourceVersionDate "2023.09.30"]
[SourceQuality "1"]

1. e4 c5 2. Bc4 e6 3. Qe2 a6 4. d3 Nc6 5. c3 Nge7 6. Nf3 d5 7. Bb3 dxe4 8. dxe4 Ng6 9. 0-0 Qc7 10. a4 Be7 11. Re1 0-0 12. e5 Rb8 13. Bc2 Rd8 14. Nbd2 b6 15. Nf1 Bb7 16. Ng3 Rd5 17. Be4 Rd7 18. Bc2 Rd5 19. Be4 Rd7 20. Bc2 Rbd8 21. h3 Na5 22. Ng5 Bxg5 23. Bxg5 Nc6 24. Bxd8 Rxd8 25. Bxg6 hxg6 26. f4 Ne7 27. Rad1 Rxd1 28. Rxd1 Nd5 29. Qd2 c4 30. Ne4 Qc6 31. a5 bxa5 32. Kh2 Qb6 33. Nd6 Qb3 34. Nxb7 Qxb7 35. Ra1 Qc7 36. Qd4 Qb7 37. Rxa5 Qxb2 38. Rxa6 Qe2 39. Ra4 Kh7 40. Qxc4 Qc2 41. Ra2 Qf5 42. Qd4 Nxf4 43. Rf2 g5 44. c4 f6 45. exf6 gxf6 46. g4 Qa5 47. Qxf6 Qc7 48. Qxg5 Nd3+ 49. Kg2 Nxf2 50. Kxf2 Qxc4 51. Kg3 Qe2 52. Qf4 Qe1+ 53. Qf2 Qe5+ 54. Kh4 Kg6 55. Qd2 Qh8+ 56. Kg3 Qe5+ 57. Kh4 Qh8+ 58. Kg3 Qe5+ 59. Qf4 Qc3+ 60. Kg2 Qe1 61. Qf2 Qe4+ 62. Kg3 Qe5+ 63. Kg2 Qe4+ 64. Qf3 Qe1 65. Kh2 Qe5+ 66. Kg1 Qe1+ 67. Kg2 Qe5 68. h4 Qe1 69. Kh3 Qe5 70. h5+ Kg7 71. Qd3 Qg5 72. Qd7+ Kh8 73. Qxe6 Kg7 74. Kg3 Kh8 75. Qe4 Qc1 76. Kh4 Qd2 77. Qe5+ Kh7 78. Qf5+ Kh8 79. Qe5+ Kh7 80. Qf5+ Kh8 81. Qf6+ Kh7 82. Qe5 Qc1 83. Qe4+ Kh8 84. g5 Qd2 85. h6 Qh2+ 86. Kg4 Qg1+ 87. Kh5 Qh2+ 88. Kg6 Qd6+ 89. Kf5 Qf8+ 90. Kg4 Qc8+ 91. Kh4 Qc7 92. Kg4 Qc8+ 93. Kh5 Qh3+ 94. Kg6 Qe6+ 95. Qxe6 1/2-1/2

[Event "Charleroi op"]
[Site "Roux"]
[Date "2023.07.30"]
[Round "2"]
[White "Muthaiah, Al"]
[Black "Loiret, Stanislas"]
[Result "1-0"]
[WhiteElo "2458"]
[BlackElo "2118"]
[PlyCount "97"]
[EventDate "2023.07.29"]
[EventType "swiss"]
[EventRounds "9"]
[EventCountry "BEL"]
[SourceTitle "CBM 215 Extra"]
[Source "ChessBase"]
[SourceDate "2023.09.30"]
[SourceVersion "1"]
[SourceVersionDate "2023.09.30"]
[SourceQuality "1"]

1. d4 Nf6 2. c4 e6 3. Nf3 Bb4+ 4. Bd2 Bxd2+ 5. Qxd2 d6 6. Nc3 Nbd7 7. g3 0-0 8. Bg2 c6 9. e4 e5 10. 0-0 Qe7 11. Rad1 Re8 12. b3 Nf8 13. h3 N6d7 14. Nh4 g6 15. f4 exf4 16. Rxf4 Ne6 17. Rf2 Ng5 18. Nf3 Nxf3+ 19. Rxf3 Kg7 20. Rdf1 Rf8 21. g4 h6 22. Qf4 a5 23. h4 a4 24. g5 h5 25. Nxa4 c5 26. e5 dxe5 27. dxe5 Qxe5 28. Re3 Qxf4 29. Rxf4 Ra6 30. Re7 Re6 31. Rfxf7+ Rxf7 32. Rxe6 Rf4 33. Re8 Rf8 34. Rxf8 Kxf8 35. Bh3 Ke7 36. Bxd7 Bxd7 37. Nxc5 Bc6 38. Kf2 Kd6 39. Nd3 Ke6 40. Ke3 Kf5 41. Nf4 Be8 42. Nd5 Bf7 43. Nf6 Ke5 44. a4 Be6 45. a5 Bf7 46. Ne4 Be6 47. Nc5 Bc8 48. b4 Kf5 49. b5 1-0

[Event "Nancy Meurthe blitz 18th"]
[Site "Nancy"]
[Date "2020.02.15"]
[Round "7"]
[White "Loiret, Stanislas"]
[Black "Fedorchuk, Sergey A"]
[Result "0-1"]
[WhiteElo "2250"]
[BlackElo "2622"]
[PlyCount "54"]
[EventDate "2020.02.15"]
[EventType "swiss (blitz)"]
[EventRounds "11"]
[EventCountry "FRA"]
[SourceTitle "CBM 194 Extra"]
[Source "ChessBase"]
[SourceDate "2020.03.31"]
[SourceVersion "1"]
[SourceVersionDate "2020.03.31"]
[SourceQuality "1"]

1. d4 Nf6 2. Nf3 e6 3. g3 b5 4. Bg5 Bb7 5. Bg2 Be7 6. a4 b4 7. 0-0 h6 8. Bxf6 Bxf6 9. Nbd2 0-0 10. e4 d6 11. a5 Na6 12. Re1 Rb8 13. Qe2 Be7 14. Nc4 c5 15. d5 exd5 16. exd5 Bf6 17. Nfd2 Nc7 18. Ne4 Ba6 19. Rad1 Bxb2 20. Bf1 Bxc4 21. Qxc4 Nb5 22. Rd3 Qxa5 23. Bh3 Bd4 24. Bd7 b3 25. c3 Na3 26. Qa4 Qxa4 27. Bxa4 Bf6 0-1

[Event "Charleville Mezieres op 14th"]
[Site "Charleville Mezieres"]
[Date "2017.12.26"]
[Round "1"]
[White "Charbau, Yanick"]
[Black "Loiret, Stanislas"]
[Result "0-1"]
[WhiteElo "1553"]
[BlackElo "2225"]
[PlyCount "85"]
[EventDate "2017.12.26"]
[EventType "swiss"]
[EventRounds "7"]
[EventCountry "FRA"]
[SourceTitle "CBM 182 Extra"]
[Source "ChessBase"]
[SourceDate "2018.02.23"]
[SourceVersion "1"]
[SourceVersionDate "2018.02.23"]
[SourceQuality "1"]

1. d4 d5 2. c4 e6 3. Nf3 c6 4. cxd5 exd5 5. Nc3 Bf5 6. Bg5 Be7 7. Bxe7 Qxe7 8. e3 Nd7 9. Qb3 Rb8 10. Be2 Ngf6 11. 0-0 0-0 12. a4 Rfe8 13. Qa3 Qe6 14. Ng5 Qe7 15. Qxe7 Rxe7 16. b4 Rc8 17. Rfc1 Nb6 18. Nf3 Rec7 19. Ne5 Ne8 20. a5 Na8 21. Na4 f6 22. Nd3 a6 23. Ndc5 Nd6 24. g4 Bg6 25. Ne6 Re7 26. Nf4 Bf7 27. Nc5 Nc7 28. Bd3 g5 29. Ne2 Bg6 30. Bxg6 hxg6 31. Nc3 Kf7 32. N3a4 Ncb5 33. Nb6 Rd8 34. Kg2 f5 35. h3 Kf6 36. Nd3 Nf7 37. Na4 Nfd6 38. Nac5 Rh8 39. Rh1 Nc4 40. Ra2 Rh4 41. gxf5 gxf5 42. Kg3 Ncd6 43. Nf4 0-1

[Event "Sanem rapid op 3rd"]
[Site "Sanem"]
[Date "2017.09.24"]
[Round "3"]
[White "Loiret, Stanislas"]
[Black "David, Alberto"]
[Result "0-1"]
[WhiteElo "2220"]
[BlackElo "2576"]
[PlyCount "106"]
[EventDate "2017.09.24"]
[EventType "swiss (rapid)"]
[EventRounds "9"]
[EventCountry "LUX"]
[SourceTitle "CBM 180 Extra"]
[Source "ChessBase"]
[SourceDate "2017.10.06"]
[SourceVersion "1"]
[SourceVersionDate "2017.10.06"]
[SourceQuality "1"]

1. e4 c5 2. Be2 Nc6 3. d3 g6 4. f4 Bg7 5. Nf3 d6 6. c3 Nf6 7. 0-0 0-0 8. Nbd2 b5 9. Qe1 b4 10. c4 a5 11. h3 a4 12. Rb1 Nh5 13. Nh2 f5 14. Bxh5 gxh5 15. Ndf3 Qe8 16. e5 h6 17. Bd2 Be6 18. Qe2 Qf7 19. Rfe1 Rfe8 20. Rbd1 Rad8 21. Qf2 Bc8 22. Bc1 e6 23. exd6 Qa7 24. Ne5 Rxd6 25. Qf3 Nxe5 26. fxe5 Rdd8 27. Qxh5 Qf7 28. Qxf7+ Kxf7 29. Nf3 Bb7 30. b3 Rd7 31. Be3 Bxf3 32. gxf3 Bxe5 33. Bxc5 Rg8+ 34. Kh1 Bc3 35. Rg1 Ra8 36. bxa4 Rxa4 37. Rg2 Ra8 38. Rb1 Rxd3 39. Bxb4 Rb8 40. a3 Rxf3 41. Rd1 Rxh3+ 42. Kg1 Bxb4 43. axb4 Rxb4 44. Rc1 Rhb3 45. Rcc2 Rb1+ 46. Kh2 Kf6 47. c5 Rh4+ 48. Kg3 Rg4+ 49. Kf3 Rxg2 50. Kxg2 Rb7 51. Kf3 Ke5 52. Re2+ Kd5 53. Kf4 Rb4+ 0-1

[Event "Avoine op 30th"]
[Site "Avoine"]
[Date "2015.07.18"]
[Round "8"]
[White "Loiret, Stanislas"]
[Black "Gendre, Pascal"]
[Result "1-0"]
[WhiteElo "2228"]
[BlackElo "1897"]
[PlyCount "109"]
[EventDate "2015.07.18"]
[EventType "swiss"]
[EventRounds "9"]
[EventCountry "FRA"]
[SourceTitle "EXT 2016"]
[Source "ChessBase"]
[SourceDate "2015.10.08"]
[SourceVersion "1"]
[SourceVersionDate "2015.10.08"]
[SourceQuality "1"]

1. d4 d5 2. c4 e6 3. Nf3 Nf6 4. g3 Be7 5. Bg2 0-0 6. 0-0 Nbd7 7. Qc2 c6 8. Rd1 b6 9. Nc3 Bb7 10. e4 dxe4 11. Ne5 Qc8 12. Nxd7 Nxd7 13. Nxe4 Rd8 14. Bg5 Bxg5 15. Nxg5 Nf6 16. c5 Qc7 17. Rac1 Rac8 18. Qe2 h6 19. Nf3 Nd5 20. Ne5 Qb8 21. Qh5 Rc7 22. Qh4 Ne7 23. Be4 Nf5 24. Bxf5 exf5 25. Nc4 Ba6 26. Nd6 Rcd7 27. b3 Qc7 28. Qf4 Be2 29. Re1 Bh5 30. Qxf5 Bg6 31. Qe5 bxc5 32. dxc5 Qa5 33. a4 Qd2 34. Qc3 Qd5 35. Re5 Qd3 36. Qxd3 Bxd3 37. Rc3 Bg6 38. b4 a6 39. Ree3 Rb8 40. Rc4 Bb1 41. Kf1 Ba2 42. Rce4 Kh7 43. Ke1 Bd5 44. Rd4 Be6 45. Kd2 Kg6 46. Kc3 Kf6 47. f4 g6 48. g4 Kg7 49. Rxe6 fxe6 50. Ne8+ Rxe8 51. Rxd7+ Kf6 52. Rc7 a5 53. b5 cxb5 54. axb5 g5 55. fxg5+ 1-0

[Event "FRA-ch op-A"]
[Site "Saint Quentin"]
[Date "2015.??.??"]
[Round "11"]
[White "Loiret, Stanislas"]
[Black "Ek, Alexandre"]
[Result "1-0"]
[WhiteElo "2204"]
[BlackElo "2115"]
[PlyCount "45"]
[EventDate "2015.08.09"]
[EventType "swiss"]
[EventRounds "11"]
[EventCountry "FRA"]
[SourceTitle "EXT 2016"]
[Source "ChessBase"]
[SourceDate "2015.10.08"]
[SourceVersion "1"]
[SourceVersionDate "2015.10.08"]
[SourceQuality "1"]

1. e4 c5 2. Nf3 a6 3. c3 e6 4. d4 d5 5. e5 Bd7 6. Be3 Qb6 7. Qd2 Bb5 8. c4 Bxc4 9. Bxc4 dxc4 10. Nc3 cxd4 11. Bxd4 Qa5 12. Rd1 Nd7 13. 0-0 Nh6 14. Be3 Rd8 15. Bg5 Be7 16. Bxe7 Kxe7 17. Nd5+ Qxd5 18. Qg5+ f6 19. Qxg7+ Nf7 20. Rxd5 exd5 21. exf6+ Nxf6 22. Ng5 Rhf8 23. Re1+ 1-0

[Event "FRA-ch Accession"]
[Site "Nancy"]
[Date "2013.08.13"]
[Round "2"]
[White "Mullon, Jean Baptiste"]
[Black "Loiret, Stanislas"]
[Result "1-0"]
[WhiteElo "2411"]
[BlackElo "2237"]
[PlyCount "113"]
[EventDate "2013.08.11"]
[EventType "swiss"]
[EventRounds "11"]
[EventCountry "FRA"]
[SourceTitle "CBM 156 Extra"]
[Source "ChessBase"]
[SourceDate "2013.10.22"]
[SourceVersion "1"]
[SourceVersionDate "2013.10.22"]
[SourceQuality "1"]

1. e4 c5 2. Nf3 d6 3. d4 cxd4 4. Nxd4 Nf6 5. Nc3 a6 6. Be3 Ng4 7. Bc1 Nc6 8. Nxc6 bxc6 9. Be2 Nf6 10. 0-0 e5 11. f4 Be7 12. Kh1 0-0 13. Bf3 exf4 14. Bxf4 Qc7 15. Ne2 Nd7 16. Nd4 Ne5 17. Nf5 Rd8 18. Qe1 Ng6 19. Bd2 Re8 20. Ba5 Qb7 21. Bc3 Ne5 22. Qg3 Bxf5 23. exf5 Bf6 24. Rad1 d5 25. b3 Re7 26. Qf4 Rae8 27. Bb4 Rd7 28. Rfe1 Rdd8 29. Bc3 Qb8 30. Be2 Nd7 31. Qxb8 Nxb8 32. Ba5 Rc8 33. Bd3 Be5 34. Re2 f6 35. c4 d4 36. c5 Nd7 37. b4 Nb8 38. Bc4+ Kf8 39. g3 g5 40. Kg2 h5 41. Rd3 Re7 42. Re4 Rce8 43. Rd2 Rb7 44. Rd3 Nd7 45. Ra3 Ra8 46. Be2 g4 47. h3 h4 48. gxh4 g3 49. Rg4 Nb8 50. Bc4 Rh7 51. Bb6 Ke7 52. Rg8 Rxh4 53. b5 cxb5 54. Bd5 Nc6 55. Rxa8 Nb8 56. Ra7+ Ke8 57. c6 1-0

[Event "Avoine op 28th"]
[Site "Avoine"]
[Date "2013.07.24"]
[Round "5"]
[White "Loiret, Stanislas"]
[Black "Heurtebize, Christophe"]
[Result "1-0"]
[WhiteElo "2237"]
[BlackElo "2086"]
[PlyCount "57"]
[EventDate "2013.07.20"]
[EventType "swiss"]
[EventRounds "9"]
[EventCountry "FRA"]
[SourceTitle "CBM 155 Extra"]
[Source "ChessBase"]
[SourceDate "2013.08.26"]
[SourceVersion "1"]
[SourceVersionDate "2013.08.26"]
[SourceQuality "1"]

1. e4 e6 2. d4 d5 3. e5 c5 4. c3 Nc6 5. Nf3 Qb6 6. a3 Bd7 7. b4 cxd4 8. cxd4 Nge7 9. Nc3 Nf5 10. Na4 Qc7 11. Bb2 Be7 12. Rc1 a6 13. Bd3 f6 14. exf6 Bxf6 15. Ne5 Nfxd4 16. Nxd7 Kxd7 17. Nc5+ Ke7 18. 0-0 Nf3+ 19. Qxf3 Bxb2 20. Qe2 Qe5 21. Rce1 Qxe2 22. Rxe2 Bxa3 23. Nxe6 Kf7 24. Ng5+ Kf6 25. Re6+ Kxg5 26. f4+ Kh4 27. g3+ Kg4 28. Kg2 Nd4 29. Re5 1-0

[Event "Paris-ch op-A 87th"]
[Site "Paris"]
[Date "2012.07.11"]
[Round "5"]
[White "Loiret, Stanislas"]
[Black "Shirazi, Kamran"]
[Result "0-1"]
[WhiteElo "2231"]
[BlackElo "2417"]
[PlyCount "80"]
[EventDate "2012.07.07"]
[EventType "swiss"]
[EventRounds "9"]
[EventCountry "FRA"]
[SourceTitle "CBM 149 Extra"]
[Source "ChessBase"]
[SourceDate "2012.08.24"]
[SourceVersion "1"]
[SourceVersionDate "2012.08.24"]
[SourceQuality "1"]

1. d4 Nf6 2. c4 d6 3. Nc3 Bf5 4. f3 e5 5. e4 exd4 6. Qxd4 Be6 7. Be3 g6 8. Qd2 Bg7 9. Nge2 Bxc4 10. 0-0-0 Nbd7 11. Nf4 Ne5 12. Qc2 0-0 13. Kb1 c6 14. h4 Qa5 15. Rxd6 Bxf1 16. Rxf1 Nc4 17. Rd3 Nxe3 18. Rxe3 Qe5 19. Nd3 Qh2 20. Qf2 Rad8 21. g3 Qh3 22. g4 Rxd3 23. Rxd3 Nxg4 24. Qe2 Ne5 25. Rdd1 b5 26. f4 Nc4 27. Rd3 Qxh4 28. e5 g5 29. Qg2 gxf4 30. Rh3 Qe7 31. Rfh1 Qe6 32. Ka1 Nxe5 33. Rxh7 Ng6 34. Qh2 Re8 35. a3 Bxc3 36. bxc3 Qf6 37. Qb2 f3 38. c4 Qxb2+ 39. Kxb2 f2 40. cxb5 cxb5 0-1

[Event "FRA-chT1A 1112"]
[Site "France"]
[Date "2011.12.11"]
[Round "5.4"]
[White "Loiret, Stanislas"]
[Black "Piankov, Evgenij"]
[Result "0-1"]
[WhiteElo "2244"]
[BlackElo "2356"]
[PlyCount "100"]
[EventDate "2011.10.16"]
[EventType "team-tourn"]
[EventRounds "11"]
[EventCountry "FRA"]
[SourceTitle "EXT 2013"]
[Source "ChessBase"]
[SourceDate "2012.11.22"]
[SourceVersion "1"]
[SourceVersionDate "2012.11.22"]
[SourceQuality "1"]
[WhiteTeam "La Membrolle Choisille"]
[BlackTeam "Issy les Moulineaux"]
[WhiteTeamCountry "FRA"]
[BlackTeamCountry "FRA"]

1. e4 c6 2. d4 d5 3. exd5 cxd5 4. c4 Nf6 5. Nc3 g6 6. Qb3 Bg7 7. cxd5 0-0 8. Nf3 Na6 9. Bf4 Qb6 10. Qxb6 axb6 11. Bxa6 bxa6 12. 0-0 Bb7 13. d6 e6 14. Rfd1 Rfd8 15. Nd2 Nh5 16. Be3 b5 17. Nb3 Rxd6 18. Na5 Bd5 19. a4 b4 20. Nxd5 Rxd5 21. Nc6 Rd6 22. Rac1 b3 23. Rd3 Nf6 24. Rxb3 Nd5 25. Na5 f5 26. g3 Rd7 27. Rc6 Kf7 28. Nc4 g5 29. Nb6 Rb7 30. Nxa8 Rxb3 31. Bxg5 Bxd4 32. Bc1 a5 33. Nc7 Nb4 34. Rd6 e5 35. Rd7+ Kf6 36. Nb5 Bc5 37. Nc3 e4 38. Rxh7 Bxf2+ 39. Kxf2 Nd3+ 40. Kf1 Nxc1 41. Nd1 Rb4 42. Ne3 Rxb2 43. Rh5 Nd3 44. Rxf5+ Ke6 45. h4 Rb1+ 46. Ke2 Re1+ 47. Kd2 Rxe3 48. Rxa5 Rxg3 49. Rg5 Rh3 50. Kc3 Ne5+ 0-1

[Event "FRA-chT1A 1112"]
[Site "France"]
[Date "2011.11.12"]
[Round "2.5"]
[White "Passager, Jean Pierre"]
[Black "Loiret, Stanislas"]
[Result "1/2-1/2"]
[WhiteElo "2209"]
[BlackElo "2244"]
[PlyCount "102"]
[EventDate "2011.10.16"]
[EventType "team-tourn"]
[EventRounds "11"]
[EventCountry "FRA"]
[SourceTitle "EXT 2013"]
[Source "ChessBase"]
[SourceDate "2012.11.22"]
[SourceVersion "1"]
[SourceVersionDate "2012.11.22"]
[SourceQuality "1"]
[WhiteTeam "Bordeaux"]
[BlackTeam "La Membrolle Choisille"]
[WhiteTeamCountry "FRA"]
[BlackTeamCountry "FRA"]

1. d4 Nf6 2. c4 e6 3. Nf3 c5 4. d5 exd5 5. cxd5 d6 6. e4 g6 7. h3 Bg7 8. Bd3 0-0 9. 0-0 Re8 10. Re1 Nbd7 11. Nbd2 Qe7 12. a4 Nh5 13. Nc4 Ne5 14. Nfxe5 Bxe5 15. Nxe5 Qxe5 16. Qf3 f5 17. g3 Bd7 18. Bh6 fxe4 19. Bxe4 Qf6 20. g4 Qxf3 21. Bxf3 Nf6 22. Bf4 Bxa4 23. Rxe8+ Bxe8 24. Bxd6 Bf7 25. Bxc5 Bxd5 26. Bxd5+ Nxd5 27. Rxa7 Rc8 28. Bd6 Rc6 29. Be5 Re6 30. f4 g5 31. Ra5 Nxf4 32. Bxf4 gxf4 33. Rb5 Re3 34. Kg2 Kg7 35. Rxb7+ Kg6 36. Rb6+ Kg5 37. Rb5+ Kg6 38. b4 Rb3 39. Kh2 Rb2+ 40. Kg1 Rb3 41. Kg2 h6 42. Kh2 Rb2+ 43. Kg1 f3 44. Kf1 Kg7 45. h4 Rh2 46. h5 Rg2 47. Rb6 Kh7 48. Rb7+ Kh8 49. b5 Rxg4 50. b6 Rb4 51. Kf2 Rb3 1/2-1/2

[Event "FRA-ch Accession"]
[Site "Caen"]
[Date "2011.08.25"]
[Round "9"]
[White "Loiret, Stanislas"]
[Black "Kambrath, Yannick"]
[Result "0-1"]
[WhiteElo "2267"]
[BlackElo "2132"]
[PlyCount "58"]
[EventDate "2011.08.16"]
[EventType "swiss"]
[EventRounds "11"]
[EventCountry "FRA"]
[SourceTitle "CBM 144 Extra"]
[Source "ChessBase"]
[SourceDate "2011.10.28"]
[SourceVersion "1"]
[SourceVersionDate "2011.10.28"]
[SourceQuality "1"]

1. e4 e5 2. Nf3 Nc6 3. Bb5 Bc5 4. 0-0 Nd4 5. Nxd4 Bxd4 6. c3 Bb6 7. d4 c6 8. Bc4 d6 9. Qb3 Qe7 10. a4 Nf6 11. a5 Bc7 12. Bg5 h6 13. Bxf6 Qxf6 14. dxe5 dxe5 15. Nd2 0-0 16. Rfe1 Bxa5 17. Rxa5 Qd8 18. Rxe5 Qxd2 19. Rd1 Qf4 20. Re7 Bg4 21. f3 Bxf3 22. Rdd7 Qg5 23. Bf1 Qe3+ 24. Kh1 Qf2 25. Qc4 Bg4 26. Rxb7 Rad8 27. h3 Rd1 28. Rxf7 Rxf7 29. Rxf7 Qxf7 0-1

[Event "La Fere op 10th"]
[Site "La Fere"]
[Date "2011.07.04"]
[Round "4.22"]
[White "Casier, Fabrice"]
[Black "Loiret, Stanislas"]
[Result "0-1"]
[WhiteElo "1795"]
[BlackElo "2267"]
[PlyCount "52"]
[EventDate "2011.07.02"]
[EventType "swiss"]
[EventRounds "9"]
[EventCountry "FRA"]
[SourceTitle "EXT 2012"]
[Source "ChessBase"]
[SourceDate "2011.11.24"]
[SourceVersion "1"]
[SourceVersionDate "2011.11.24"]
[SourceQuality "1"]

1. c4 c5 2. Nc3 Nf6 3. g3 e6 4. Bg2 Nc6 5. e3 d5 6. cxd5 exd5 7. d4 c4 8. Nge2 Bb4 9. 0-0 a6 10. a4 Bg4 11. Qc2 Qa5 12. b3 0-0 13. bxc4 dxc4 14. Ba3 Bxa3 15. Rxa3 Rfc8 16. Nf4 Rab8 17. Ncd5 Nxd5 18. Bxd5 Nb4 19. Qe4 Re8 20. Qg2 g5 21. Bxc4 gxf4 22. gxf4 Kh8 23. Bxf7 Rg8 24. Bxg8 Rxg8 25. Kh1 Be2 26. Qh3 Qf5 0-1

[Event "EU-ch 12th"]
[Site "Aix les Bains"]
[Date "2011.03.28"]
[Round "7"]
[White "Loiret, Stanislas"]
[Black "Zhukova, Natalia"]
[Result "0-1"]
[WhiteElo "2258"]
[BlackElo "2443"]
[PlyCount "82"]
[EventDate "2011.03.22"]
[EventType "swiss"]
[EventRounds "11"]
[EventCountry "FRA"]
[SourceTitle "CBM 142 Extra"]
[Source "ChessBase"]
[SourceDate "2011.06.27"]
[SourceVersion "1"]
[SourceVersionDate "2011.06.27"]
[SourceQuality "1"]

1. d4 d5 2. Nf3 c5 3. Nc3 Nc6 4. Bg5 f6 5. Bh4 cxd4 6. Nxd4 e5 7. Nxc6 bxc6 8. Na4 Rb8 9. c3 Nh6 10. e3 Nf5 11. Bg3 Bd6 12. Bd3 0-0 13. Qc2 e4 14. Be2 Be6 15. Rd1 Re8 16. a3 Bf7 17. 0-0 c5 18. b4 c4 19. Bxd6 Nxd6 20. Nc5 a5 21. Rfe1 Qe7 22. Ra1 Rec8 23. Reb1 f5 24. Qd2 Nb5 25. Na6 Ra8 26. Nc5 Qf6 27. Na4 axb4 28. axb4 Rxa4 29. Rxa4 Nxc3 30. Raa1 Nxb1 31. Rxb1 f4 32. b5 f3 33. Bf1 Rb8 34. Qa5 Qb6 35. Qc3 h6 36. gxf3 exf3 37. Qe5 Re8 38. Qg3 Qg6 39. Rd1 Qe4 40. Bh3 c3 41. Bd7 c2 0-1

[Event "FRA-chT2 1011"]
[Site "France"]
[Date "2010.10.17"]
[Round "1.3"]
[White "Crouan, Stephane"]
[Black "Loiret, Stanislas"]
[Result "0-1"]
[WhiteElo "2207"]
[BlackElo "2275"]
[PlyCount "36"]
[EventDate "2010.10.17"]
[EventType "team-tourn"]
[EventRounds "11"]
[EventCountry "FRA"]
[SourceTitle "EXT 2012"]
[Source "ChessBase"]
[SourceDate "2011.11.24"]
[SourceVersion "1"]
[SourceVersionDate "2011.11.24"]
[SourceQuality "1"]

1. e4 c5 2. Nf3 e6 3. d4 cxd4 4. Nxd4 a6 5. Bd3 d6 6. 0-0 Nf6 7. c4 Nbd7 8. Nc3 g6 9. Kh1 Bg7 10. f4 0-0 11. f5 Ne5 12. Bg5 Qb6 13. Nc2 Bd7 14. b4 Rac8 15. Ne3 Qd4 16. Bxf6 Bxf6 17. Ncd5 exd5 18. Nxd5 Nxd3 0-1

[Event "FRA-ch Accession"]
[Site "Belfort"]
[Date "2010.??.??"]
[Round "5"]
[White "Cappon, John"]
[Black "Loiret, Stanislas"]
[Result "1/2-1/2"]
[WhiteElo "2229"]
[BlackElo "2270"]
[PlyCount "45"]
[EventDate "2010.08.09"]
[EventType "swiss"]
[EventRounds "11"]
[EventCountry "FRA"]
[SourceTitle "CBM 138 Extra"]
[Source "ChessBase"]
[SourceDate "2010.10.29"]
[SourceVersion "1"]
[SourceVersionDate "2010.10.29"]
[SourceQuality "1"]

1. e4 c5 2. Nf3 Nc6 3. Bb5 g6 4. 0-0 Bg7 5. c3 Qb6 6. Na3 Nf6 7. Re1 0-0 8. h3 a6 9. Bf1 Qc7 10. d3 b5 11. Nc2 d5 12. e5 Ne8 13. d4 cxd4 14. cxd4 Be6 15. Bd2 Qb7 16. Nb4 Nxb4 17. Bxb4 a5 18. Bc5 Qd7 19. Qd2 Nc7 20. Bb6 a4 21. Bxc7 Qxc7 22. Bxb5 Qa5 23. Qxa5 1/2-1/2

[Event "FRA-ch Accession"]
[Site "Belfort"]
[Date "2010.??.??"]
[Round "8"]
[White "Loiret, Stanislas"]
[Black "Castro, John"]
[Result "1/2-1/2"]
[WhiteElo "2270"]
[BlackElo "2138"]
[PlyCount "157"]
[EventDate "2010.08.09"]
[EventType "swiss"]
[EventRounds "11"]
[EventCountry "FRA"]
[SourceTitle "CBM 138 Extra"]
[Source "ChessBase"]
[SourceDate "2010.10.29"]
[SourceVersion "1"]
[SourceVersionDate "2010.10.29"]
[SourceQuality "1"]

1. Nf3 Nf6 2. d4 g6 3. Bf4 Bg7 4. e3 d6 5. h3 0-0 6. Be2 Nc6 7. 0-0 Nd5 8. Bh2 e5 9. c4 Nde7 10. Nc3 exd4 11. exd4 Nf5 12. d5 Ncd4 13. Nxd4 Nxd4 14. Bd3 Bf5 15. Rc1 Qg5 16. Bxf5 Qxf5 17. Nb5 Nxb5 18. cxb5 Rac8 19. Qd2 Rfe8 20. Rc4 Re4 21. Rxe4 Qxe4 22. Rc1 Re8 23. Bg3 Re7 24. b3 h5 25. Rc4 Qb1+ 26. Rc1 Qe4 27. Qg5 f6 28. Qd2 Kh7 29. f3 Qf5 30. Bf4 Qd7 31. a4 Qe8 32. Kf2 g5 33. Qd3+ Qg6 34. Qxg6+ Kxg6 35. Be3 b6 36. h4 g4 37. fxg4 hxg4 38. Rc2 f5 39. Bg5 Bf6 40. Bxf6 Kxf6 41. g3 Kg6 42. Rc1 Kg7 43. Re1 Re5 44. Rc1 Re7 45. Rc4 Kg6 46. b4 Kf6 47. a5 Ke5 48. Ke3 Kxd5+ 49. Kd3 Ke5 50. a6 Ke6 51. Kd4 Rg7 52. Rc1 f4 53. Ke4 fxg3 54. Kf4 g2 55. Rg1 Kd5 56. h5 Kc4 57. Kf5 Kxb5 58. h6 Rh7 59. Kg6 Rxh6+ 60. Kxh6 Kxa6 61. Kg5 Kb5 62. Rb1 c5 63. bxc5+ Kxc5 64. Kf4 b5 65. Ke3 Kc4 66. Kd2 a5 67. Rg1 a4 68. Rxg2 d5 69. Rxg4+ d4 70. Rg8 a3 71. Kc2 d3+ 72. Kd2 b4 73. Ra8 Kb3 74. Kxd3 a2 75. Kd4 Kb2 76. Kc4 b3 77. Kb4 a1Q 78. Rxa1 Kxa1 79. Kxb3 1/2-1/2

[Event "Angers op 4th"]
[Site "Angers"]
[Date "2009.04.18"]
[Round "3"]
[White "Loiret, Stanislas"]
[Black "Lyall, Thomas"]
[Result "1-0"]
[WhiteElo "2266"]
[BlackElo "1390"]
[PlyCount "96"]
[EventDate "2009.04.17"]
[EventType "swiss"]
[EventRounds "6"]
[EventCountry "FRA"]
[SourceTitle "CBM 129 Extra"]
[Source "ChessBase"]
[SourceDate "2009.05.05"]
[SourceVersion "2"]
[SourceVersionDate "2009.05.20"]
[SourceQuality "1"]

1. e4 c5 2. Nf3 Nc6 3. Bb5 d6 4. 0-0 Bd7 5. c3 Nf6 6. Re1 e5 7. d4 exd4 8. cxd4 cxd4 9. Nxd4 Nxd4 10. Bxd7+ Qxd7 11. Qxd4 Be7 12. Nc3 0-0 13. h3 b6 14. Bf4 Rfe8 15. Rad1 Rad8 16. a4 h6 17. b3 Qc7 18. Nb5 Qc2 19. Nxa7 Qxb3 20. Nc6 Rd7 21. Nxe7+ Rdxe7 22. f3 d5 23. Rb1 Qc2 24. Rec1 Qa2 25. Ra1 Qb3 26. Rcb1 Qc2 27. Rb2 Qc5 28. Qxc5 bxc5 29. Bd6 Re6 30. e5 Nd7 31. f4 c4 32. Rd1 Ra8 33. Rb4 Ra5 34. Bc7 Rc5 35. Bd6 Ra5 36. Rb7 Nc5 37. Rb8+ Kh7 38. Rxd5 c3 39. Rc8 Rxa4 40. Rdxc5 Ra1+ 41. Kh2 Rc1 42. f5 Rxd6 43. exd6 Rd1 44. R8c6 c2 45. Rxc2 Rd5 46. g4 g6 47. fxg6+ Kxg6 48. d7+ Kg7 1-0